Organizacje non-profit w ubezpieczeniach zdrowotnych

Salvato in:
Dettagli Bibliografici
Autore principale: Rutkowska, Małgorzata
Natura: Capitolo di libro
Lingua:polacco
Tags: Aggiungi Tag
Nessun Tag, puoi essere il primo ad aggiungerne!!

MARC

LEADER 00000naa$a2200000$$$4500
001 0151612
005 20220819165446.9
041 0 |a pol 
044 |a PL 
245 1 0 |a Organizacje non-profit w ubezpieczeniach zdrowotnych  |c Małgorzata Rutkowska 
100 1 |a Rutkowska, Małgorzata